000 00591nam a22001937a 4500
005 20251108164749.0
008 250721s1988 xx 000 0 ara d
082 1 4 _a615.89/محم
100 1 _aالعورات، محمد
245 1 0 _aالنباتات الطبية و إستعمالاتها /
250 _aط2.
264 1 _aدمشق :
_bالأهالي للنشر و التوزيع،
_c1988.
300 _a2ج في مج واحد
650 1 7 _aالطب الشعبي
650 1 7 _aالنباتات الطبية
700 1 _aلحام، جورج
942 _2ddc
_cBK
999 _c13801
_d13801